Spieler mit den meisten Bundesliga-Titeln - Statistiken

Allgemein
  • Dieses Quiz wurde 174 mal gespielt
  • Das Durchschnittsergebnis liegt bei 17 aus 33
Antwortstatistiken
Titel Nation Vereine Spieler % Korrekt
11 Deutschland FC Bayern München Manuel Neuer
100%
10 Polen Borussia Dortmund; FC Bayern München Robert Lewandowski
99%
12 Deutschland FC Bayern München Thomas Müller
99%
8 Niederlande FC Bayern München Arjen Robben
92%
10 Österreich FC Bayern München David Alaba
92%
9 Frankreich FC Bayern München Franck Ribery
92%
6 Deutschland Borussia Dortmund; FC Bayern München Mats Hummels
87%
8 Deutschland FC Bayern München Philipp Lahm
83%
8 Deutschland FC Bayern München Joshua Kimmich
82%
9 Deutschland FC Bayern München Jerome Boateng
81%
8 Deutschland FC Bayern München Bastian Schweinsteiger
78%
8 Frankreich FC Bayern München Kingsley Coman
78%
7 Spanien FC Bayern München Thiago Alcantara
73%
9 Spanien FC Bayern München Javi Martinez
72%
6 Peru FC Bayern München Claudio Pizarro
71%
8 Deutschland FC Bayern München Oliver Kahn
59%
8 Deutschland FC Bayern München Sven Ulreich
53%
7 Deutschland FC Bayern München Lothar Matthäus
49%
7 Brasilien FC Bayern München Rafinha
46%
6 Bosnien-Herzegowina FC Bayern München Hasan Salihamidzic
35%
8 Deutschland FC Bayern München Mehmet Scholl
33%
6 Deutschland FC Bayern München Holger Badstuber
29%
6 Ghana FC Bayern München Samuel Kuffour
29%
6 Frankreich FC Bayern München Bixente Lizarazu
28%
6 Deutschland FC Bayern München Tom Starke
21%
7 Deutschland FC Bayern München Alexander Zickler
13%
6 Deutschland FC Bayern München Jens Jeremies
10%
7 Deutschland FC Bayern München Klaus Augenthaler
10%
7 Deutschland FC Bayern München Bernd Dreher
7%
6 Deutschland FC Bayern München Raimond Aumann
5%
6 Deutschland FC Bayern München Hans Pflügler
4%
6 Deutschland FC Bayern München Sven Scheuer
3%
6 Deutschland VfB Stuttgart; FC Bayern München Ludwig Kögl
1%
Keine übereinstimmenden Quizze gefunden
Verteilung der Resultate
Anzahl Personen mit jedem Resultat
Perzentil nach korrekt beantworteten Fragen
Ihre Resultats-Entwicklung
Sie haben dieses Quiz noch nicht gespielt